[Event "RLP-ch MTB 26th"]
[Site "Ludwigshafen"]
[Date "2007.07.20"]
[Round "6"]
[White "Chitzios, Grigorios"]
[Black "Larsch, Guenter"]
[Result "1-0"]
[WhiteElo "1418"]
[BlackElo "1185"]
[PlyCount "41"]
[EventDate "2007.07.13"]
[EventType "swiss"]
[EventRounds "7"]
[EventCountry "GER"]
[SourceTitle "EXT 2009"]
[Source "ChessBase"]
[SourceDate "2008.11.26"]
[SourceVersion "1"]
[SourceVersionDate "2008.11.26"]
[SourceQuality "1"]

1. e4 e5 2. Nf3 Nc6 3. Bc4 Be7 4. d4 exd4 5. Nxd4 d6 6. 0-0 Nxd4 7. Qxd4 Nf6 8. Nc3 0-0 9. Bg5 Be6 10. Rad1 Bxc4 11. Qxc4 Qc8 12. h4 Re8 13. Rd3 a6 14. a4 h6 15. Bd2 Rd8 16. Nd5 Nxd5 17. exd5 Qd7 18. Rg3 Kh8 19. Bc3 Rg8 20. Qf4 Raf8 21. Qxh6# 1-0

[Event "RLP-ch MTB 26th"]
[Site "Ludwigshafen"]
[Date "2007.07.14"]
[Round "2"]
[White "Babayev, Ramil"]
[Black "Larsch, Guenter"]
[Result "1-0"]
[WhiteElo "1828"]
[BlackElo "1185"]
[PlyCount "63"]
[EventDate "2007.07.13"]
[EventType "swiss"]
[EventRounds "7"]
[EventCountry "GER"]
[SourceTitle "EXT 2009"]
[Source "ChessBase"]
[SourceDate "2008.11.26"]
[SourceVersion "1"]
[SourceVersionDate "2008.11.26"]
[SourceQuality "1"]

1. e4 e5 2. Nf3 Nc6 3. d4 exd4 4. Nxd4 Nxd4 5. Qxd4 d6 6. Nc3 Be6 7. Bf4 Nf6 8. 0-0-0 a6 9. Bg3 Be7 10. Be2 0-0 11. f4 Bg4 12. Bxg4 Nxg4 13. h3 Nf6 14. Bh2 Nd7 15. Nd5 Bf6 16. Nxf6+ Nxf6 17. g4 Re8 18. e5 dxe5 19. fxe5 Qxd4 20. Rxd4 Nxg4 21. hxg4 Re7 22. Rhd1 Kf8 23. Rd7 Rc8 24. Rd8+ Re8 25. R8d3 Re7 26. Bg3 h6 27. Rf1 Ke8 28. Rdf3 f6 29. exf6 gxf6 30. Rxf6 Rh7 31. Rf8+ Kd7 32. Rd1+ 1-0